Wherever you go, there you are: (Record no. 57772)
[ view plain ]
| 000 -LEADER | |
|---|---|
| fixed length control field | 00632nam a22002057a 4500 |
| 001 - CONTROL NUMBER | |
| control field | 57772 |
| 005 - DATE AND TIME OF LATEST TRANSACTION | |
| control field | 20260418170711.0 |
| 008 - FIXED-LENGTH DATA ELEMENTS--GENERAL INFORMATION | |
| fixed length control field | 260309s2005 nyu||||| |||| 00| 0 eng d |
| 020 ## - INTERNATIONAL STANDARD BOOK NUMBER | |
| ISBN | 9781401307783 |
| 040 ## - CATALOGING SOURCE | |
| Original cataloging agency | BD-DhIUB |
| Transcribing agency | BD-DhIUB |
| Modifying agency | BD-DhIUB |
| 082 ## - DEWEY DECIMAL CLASSIFICATION NUMBER | |
| Edition number | 22 |
| Classification number | 155.9042 |
| Item number | K112w |
| 100 ## - MAIN ENTRY--PERSONAL NAME | |
| Personal name | Kabat-Zinn, Jon |
| 9 (RLIN) | 7142 |
| 245 ## - TITLE STATEMENT | |
| Title | Wherever you go, there you are: |
| Remainder of title | minfulness meditation in everyday life / |
| Statement of responsibility, etc | Jon Kabat-Zinn |
| 260 ## - PUBLICATION, DISTRIBUTION, ETC. (IMPRINT) | |
| Place of publication, distribution, etc | New York: |
| Name of publisher, distributor, etc | Hyperion, |
| Date of publication, distribution, etc | 2005 |
| 300 ## - PHYSICAL DESCRIPTION | |
| Extent | xxi, 280 p. : |
| Dimensions | 22 cm. |
| 526 ## - STUDY PROGRAM INFORMATION NOTE | |
| School name | Library |
| Shelving Location | General Stacks |
| 650 #0 - SUBJECT ADDED ENTRY--TOPICAL TERM | |
| Topical term or geographic name as entry element | Psychology, Comparative. |
| 9 (RLIN) | 2381 |
| 650 #0 - SUBJECT ADDED ENTRY--TOPICAL TERM | |
| Topical term or geographic name as entry element | Mindfulness Meditation |
| 9 (RLIN) | 7143 |
| 942 ## - ADDED ENTRY ELEMENTS (KOHA) | |
| Source of classification or shelving scheme | Dewey Decimal Classification |
| Koha item type | Books |
| Withdrawn status | Lost status | Source of classification or shelving scheme | Damaged status | Not for loan | Home library | Current library | Shelving location | Date acquired | Source of acquisition | Serial Enumeration / chronology | Total Checkouts | Full call number | Barcode | Date last seen | Copy number | Price effective from | Koha item type |
|---|---|---|---|---|---|---|---|---|---|---|---|---|---|---|---|---|---|
| Dewey Decimal Classification | Library, Independent University, Bangladesh (IUB) | Library, Independent University, Bangladesh (IUB) | General Stacks | 09/03/2026 | Gift / Donation | 2005 | 155.9042 K112w | G000695 | 18/04/2026 | 01 | 18/04/2026 | Books |